Disertaciones sobre la historia de la República Megicana, desde la época de la conquista que los españoles hicieron a fines del siglo XV y principios del XVI de las islas y continente americano hasta la independencia (Record no. 3470)

MARC details
000 -CABECERA
campo de control de longitud fija 00912nam a2200241 a 4500
001 - NÚMERO DE CONTROL
campo de control BRCA_3741
005 - FECHA Y HORA DE LA ÚLTIMA TRANSACCIÓN
campo de control 20190320204415.0
008 - DATOS DE LONGITUD FIJA--INFORMACIÓN GENERAL
campo de control de longitud fija 150909s1942----mx-a---###---#000-0#spa-#
041 ## - CÓDIGO DE LENGUA
Código de lengua del texto/banda sonora o título independiente spa
044 ## - CÓDIGO DEL PAÍS DE LA ENTIDAD EDITORA/PRODUCTORA
Código MARC del país mx
050 #4 - SIGNATURA TOPOGRÁFICA DE LA BIBLIOTECA DEL CONGRESO
Número de clasificación F1226
Número de documento/Ítem .G73 G-8 1942
100 1# - ENTRADA PRINCIPAL--NOMBRE DE PERSONA
Nombre de persona Alamán, Lucas
Fechas asociadas al nombre 1792-1853
9 (RLIN) 9744
245 10 - MENCIÓN DE TÍTULO
Título Disertaciones sobre la historia de la República Megicana, desde la época de la conquista que los españoles hicieron a fines del siglo XV y principios del XVI de las islas y continente americano hasta la independencia
Mención de responsabilidad, etc. Lucas Alamán.
260 ## - PUBLICACIÓN, DISTRIBUCIÓN, ETC.
Lugar de publicación, distribución, etc. México
Nombre del editor, distribuidor, etc. Jus
Fecha de publicación, distribución, etc. 1942
300 ## - DESCRIPCIÓN FÍSICA
Extensión 3 v.
Otras características físicas il.
Dimensiones 23 cm.
440 #0 - MENCIÓN DE SERIE/PUNTO DE ACCESO ADICIONAL--TÍTULO
Título Grandes autores mexicanos Lucas Alamán. Obras
Designación de volumen o secuencia G-8
9 (RLIN) 9745
500 ## - NOTA GENERAL
Nota general Ejemplar numerado 47 de 500
500 ## - NOTA GENERAL
Nota general C2
651 #4 - PUNTO DE ACCESO ADICIONAL DE MATERIA--NOMBRE GEOGRÁFICO
Nombre geográfico México
Subdivisión general Historia
Subdivisión cronológica Conquista, 1519-1540
9 (RLIN) 442
651 #4 - PUNTO DE ACCESO ADICIONAL DE MATERIA--NOMBRE GEOGRÁFICO
Nombre geográfico México
Subdivisión general Historia
Subdivisión cronológica Periodo colonial, 1540-1810
9 (RLIN) 4206
902 ## - CATALOGADOR
Iniciales GFM
942 ## - ELEMENTOS DE PUNTO DE ACCESO ADICIONAL (KOHA)
Fuente del sistema de clasificación o colocación Library of Congress Classification
Tipo de ítem Koha Libros
Holdings
Estado de retiro Estado de pérdida Estado dañado No para préstamo Localización permanente Ubicación/localización actual Fecha de adquisición Número de inventario Total de préstamos Signatura topográfica completa Código de barras Fecha visto por última vez Precio válido a partir de Tipo de ítem Koha
El ejemplar forma parte de la colección y puede ser consultado según las políticas vigentes.       Biblioteca del Museo Franz Mayer (Rogerio Casas-Alatriste) Biblioteca del Museo Franz Mayer (Rogerio Casas-Alatriste) 15/09/2009 C2   F1226 .G73 G-8 1942 (C2) 3738 22/03/2019 22/03/2019 Libros